|
|
|
|
| LEADER |
00000nab a2200000 a 4500 |
| 001 |
vtls008943598 |
| 003 |
SK-MaSNL |
| 005 |
20260303070922.0 |
| 008 |
070207c20061109xo dr n 000 00slo |
| 038 |
|
|
|a SVKPOCL
|
| 040 |
|
|
|a SVKPOCL
|b slo
|c AACR2
|e AACR2
|
| 041 |
|
|
|a slo
|
| 044 |
|
|
|a xo
|c SK
|
| 080 |
|
|
|a 796.912(091)
|2 2001
|
| 100 |
1 |
|
|a Jacoš, Ján,
|d 1963-
|4 aut
|9 11515
|
| 245 |
1 |
0 |
|a Z histórie Ceny mesta Prešova v krasokorčuľovaní
|c [autor] (jac)
|
| 611 |
2 |
7 |
|a Cena mesta Prešova v krasokorčuľovaní (Prešov, Slovensko)
|2 svkpocl
|9 1068957
|
| 650 |
0 |
7 |
|a krasokorčuľovanie
|2 svkpocl
|9 3255
|
| 651 |
|
7 |
|a Prešov (Slovensko)
|2 svkpocl
|9 17347
|
| 773 |
0 |
|
|t Prešovský večerník
|g Roč. XVII, č. 4077 (9.11.2006), s. 14
|x 1336-4030
|
| 852 |
|
|
|a SVKPO
|b KIS3GCP
|
| 856 |
4 |
1 |
|u www.vecernik.po.sk
|
| 958 |
|
|
|a RG
|
| 999 |
|
|
|c 1757520
|d 1759450
|